Tầm xuân & Những ký ức muộn : Hồi ức & Tản văn, (1990 - 2010)

Hồi tưởng của tác giả về những chuyến đi

Сохранить в:
Библиографические подробности
Главный автор: Đặng, Anh Đào
Формат:
Язык:Undetermined
Опубликовано: Hà Nội Lao động 2010
Предметы:
Метки: Добавить метку
Нет меток, Требуется 1-ая метка записи!
Thư viện lưu trữ: Trung tâm Học liệu Trường Đại học Cần Thơ
LEADER 00825nam a2200229Ia 4500
001 CTU_176403
008 210402s9999 xx 000 0 und d
020 |c 75000 
082 |a 895.922803 
082 |b Đ108 
100 |a Đặng, Anh Đào 
245 0 |a Tầm xuân & Những ký ức muộn : 
245 0 |b Hồi ức & Tản văn, (1990 - 2010) 
245 0 |c Đặng Anh Đào 
260 |a Hà Nội 
260 |b Lao động 
260 |c 2010 
520 |a Hồi tưởng của tác giả về những chuyến đi 
650 |a Authors, Vietnamese,Tác gia Việt Nam,Vietnamese literature,Văn học Việt Nam 
650 |y 20th century,Thế kỷ 20,20th century,Thế kỷ 20 
904 |i Năm 
980 |a Trung tâm Học liệu Trường Đại học Cần Thơ